| 000 | 02244nam a2200277 i 4500 | ||
|---|---|---|---|
| 005 | 20250626211118.0 | ||
| 007 | ta | ||
| 008 | 200622s2025 000 0 eng d | ||
| 040 |
_aCO-CtgCURN _bspa _ccoctgcurn _erda |
||
| 082 | 0 |
_aCOP 2025 _bR173 |
|
| 100 | 1 |
_aRamírez Ramos, Juan Luis, _eauthor. _4aut |
|
| 245 | 1 | 0 |
_aImpacto de la digitalización en la auditoría contable de las entidades del sector privado / _cJuan Luis Ramírez Ramos; Kary Luz Sara Jaramillo; Asesor:Jhorquis Machado Licona. |
| 260 |
_aCartagena de Indias : _bCorporación Universitaria Rafael Núñez, _c2025. |
||
| 300 | _a10 hojas. | ||
| 336 |
_atext _btxt _2rdacontent |
||
| 337 |
_aunmediated _bn _2rdamedia |
||
| 338 |
_avolume _bnc _2rdacarrier |
||
| 502 | _aTrabajo de grado (Contador público). Corporación Universitaria Rafael Núñez. Facultad de Ciencias Administrativas y Contables. Programa de Contaduría Pública, 2025. | ||
| 520 | 8 | _a"Este trabajo tiene como propósito analizar el impacto de la digitalización en la auditoría contable de las empresas del sector privado y así generar consciencia en los estudiantes de contadura pública sobre la importancia de ir aprendiendo el uso de las tecnologías en la aplicación de la práctica de auditoría contable. De este trabajo también se podrá extraer la importancia del papel de las universidades en la capacitación tecnológica de los estudiantes y futuros autores. Así mismo busca motivar aquellos que ya son auditores a estar en constante capacitación y aplicación de las nuevas herramientas de digitalización contable para estar a la vanguardia teniendo presente que todo esto beneficiara a las empresas privadas al presentar estados financieros fiables y al tomar decisiones en pos del crecimiento y sostenimiento empresarial." | |
| 650 | 0 |
_aContaduría pública _xTesis y disertaciones académicas. |
|
| 700 | 1 | _aSara Jaramillo, Kary Luz. | |
| 700 | 1 |
_aMachado Licona, Jhorquis, _easesor. |
|
| 856 | 7 |
_uhttps://unicurn.sharepoint.com/:b:/s/biblioteca/Eavv-CTQnsZJrmoOXmd8rqcBC8bMcfQ-R1JiMVtq4bVYPg?e=P398RY _zClick para ver el recurso en texto completo |
|
| 942 |
_2ddc _aMHC _bMHC _cTG _hCOP 2025 _iR173 |
||
| 999 |
_c49067 _d49067 |
||